000 00628nam a2200229 i 4500
001 C2-0168322
003 PPAK
005 20180728090747.0
008 980716s1995 enka|||| ||||| | eng d
020 _a0751301604
040 _aPPAK
_beng
_cPPAK
_erda
082 0 4 _a796.51
_2 23
090 0 0 _a796.51
_bMCM
_dR
100 1 _aMcManners, Hugh,
_eauthor
245 1 4 _aThe bacpacker's handbook
264 1 _aLondon :
_bDorling Kindersley ,
_c1995
300 _a160 pages :
_bcolour illustrations ;
_c22 cm
336 _2rdacontent
_atext
337 _2rdamedia
_aunmediated
338 _2rdacarrier
_avolume
942 _ddc
_cB
999 _c152485
_d152485